A CISH fuvardíj-elszámolási és számlázási rendszer fejlesztési lehetőségei a Rail Cargo Hungária Zrt. számára

Bibliográfiai részletek
Szerző: Monori Zsófia Anna
További közreműködők: Antalóczy Dr. Katalin
Duli Gábor
Dokumentumtípus: Diplomadolgozat
Kulcsszavak:Számlázás
Fuvardíj
Rail Cargo Hungaria
CISH
Vasúti szállítmányozás
Szállítmányozás
Online Access:http://dolgozattar.uni-bge.hu/18736

MARC

LEADER 00000nta a2200000 i 4500
001 dolg18736
005 20200406061914.0
008 181203suuuu hu om 000 hun d
040 |a BGE Dolgozattár Repozitórium  |b hun 
041 |a hu 
100 1 |a Monori Zsófia Anna 
245 1 2 |a A CISH fuvardíj-elszámolási és számlázási rendszer fejlesztési lehetőségei a Rail Cargo Hungária Zrt. számára  |c Monori Zsófia Anna  |h [elektronikus dokumentum] 
695 |a Számlázás 
695 |a Fuvardíj 
695 |a Rail Cargo Hungaria 
695 |a CISH 
695 |a Vasúti szállítmányozás 
695 |a Szállítmányozás 
700 1 |a Antalóczy Dr. Katalin  |e ths 
700 1 |a Duli Gábor  |e ths 
856 4 0 |u http://dolgozattar.uni-bge.hu/18736/1/Monori_Zs%C3%B3fia_ABOTDS_szakdolgozat_2018.12.pdf  |z Dokumentum-elérés 
856 4 0 |u http://dolgozattar.uni-bge.hu/18736/2/HivatalosBejegyzes.pdf  |z Dokumentum-elérés